[Event "Donostia op"]
[Site ""]
[Date "2015.03.28"]
[Round "1"]
[White "HENDERSON DE LA FUENTE, Lance"]
[Black "GUILLO LONGARES, Cecilia"]
[Result "1-0"]
[WhiteElo "2162"]
[BlackElo "1759"]

1.e4 d6 2.d4 Nf6 3.Nc3 g6 4.f4 Bg7 5.Nf3 Bg4 6.e5 dxe5 7.fxe5 Nd5 8.Bc4 c6
9.h3 Bxf3 10.Qxf3 e6 11.Ne4 O-O 12.Bg5 Qa5+ 13.c3 Nd7 14.O-O Qb6 15.Kh1 
Qc7 16.Bb3 b5 17.Rae1 a6 18.Qg4 c5 19.Nd6 c4 20.Bc2 N7b6 21.Be4 Rab8 22.
Rxf7 Rxf7 23.Qxe6 Nxc3 24.bxc3 Rf8 25.Rf1 Qd7 26.Bd5 Nxd5 27.Qxd5 h6 28.
Rxf7 Rxf7 29.e6 Qa7 30.e7 1-0

[Event "Donostia op"]
[Site ""]
[Date "2015.03.29"]
[Round "2"]
[White "ENCINAS ENCINAS, Alvaro"]
[Black "ZULOAGA ERAUSKIN, Markel"]
[Result "1-0"]
[WhiteElo "2076"]
[BlackElo "1625"]

1.e4 e6 2.d4 d5 3.Nc3 dxe4 4.Nxe4 Nd7 5.Nf3 Ngf6 6.Nxf6+ Nxf6 7.Bg5 Be7 8.
Bd3 b6 9.Bb5+ Bd7 10.Qe2 O-O 11.O-O c6 12.Bd3 h6 13.Bh4 Nd5 14.Bxe7 Qxe7 
15.Qe4 Nf6 16.Qh4 c5 17.Rfe1 cxd4 18.Nxd4 Nd5 19.Qe4 Nf6 20.Qf4 Nd5 21.Qe4
Nf6 22.Qe5 Ng4 23.Qg3 h5 24.h3 Nh6 25.Re5 h4 26.Qe3 Rfe8 27.Re1 Rac8 28.
Qe4 f5 29.Qe2 Nf7 30.Rxf5 Qd6 31.Rxf7 Kxf7 32.Qh5+ Kg8 33.Qh7+ Kf8 34.Re3 
Qxd4 35.Re4 Qxb2 36.Rf4+ Ke7 37.Qxh4+ Kd6 38.Rb4 Qa1+ 39.Kh2 Qe5+ 40.f4 
Qc5 41.Re4 Qa5 42.Rd4+ Kc7 43.Qg3 e5 44.Rc4+ Kb8 45.Qxg7 Rxc4 46.Qxd7 Rcc8
47.Qd6+ Rc7 48.Bg6 Rc8 49.Bf5 Qc5 50.fxe5 Qxd6 51.exd6 Rxc2 52.d7 Rd8 53.
Bxc2 Rxd7 54.h4 Kc7 55.h5 Rd8 56.h6 Kd6 57.g4 Ke5 58.Kg3 Kf6 59.Kf4 Rd4+ 
60.Be4 Ra4 61.g5+ Kf7 62.g6+ Kf6 63.g7 Kf7 64.Ke5 Ra5+ 65.Bd5+ Rxd5+ 66.
Kxd5 a5 67.Kc6 1-0

[Event "Donostia op"]
[Site ""]
[Date "2015.03.29"]
[Round "2"]
[White "AROCENA URIA, Jaime"]
[Black "CAPOTE ROBAYNA, Nathaniel"]
[Result "0-1"]
[WhiteElo "1692"]
[BlackElo "2277"]

1.e4 c5 2.Nf3 Nc6 3.d4 cxd4 4.Nxd4 e6 5.Be3 Qc7 6.Nc3 a6 7.Be2 Nf6 8.O-O 
Bb4 9.f3 d5 10.exd5 exd5 11.Qe1 O-O 12.Rd1 Re8 13.Bg5 Nxd4 14.Rxd4 Bc5 15.
Bxf6 gxf6 16.Qh4 Qe5 17.Rd1 Bf5 18.Kf1 Bxd4 19.Rxd4 Rad8 20.Bd3 Bg6 21.Rg4
f5 22.f4 Qe3 23.Nd1 Qd2 0-1

[Event "Donostia op"]
[Site ""]
[Date "2015.03.29"]
[Round "3"]
[White "BUIZA PRIETO, Eihartze"]
[Black "ESPINOSA ARANDA, Angel"]
[Result "0-1"]
[WhiteElo "2107"]
[BlackElo "2408"]

1.e4 c5 2.c3 d5 3.exd5 Qxd5 4.d4 Nc6 5.Nf3 Bg4 6.dxc5 Qxd1+ 7.Kxd1 e5 8.b4
a5 9.Bb5 Ne7 10.Kc2 Bxf3 11.gxf3 axb4 12.cxb4 O-O-O 13.Bxc6 Nxc6 14.Bd2 
Nd4+ 15.Kb2 Nxf3 16.Bc3 Be7 17.a4 Rd3 18.Na3 Rhd8 19.Nc4 Kc7 20.a5 Kc6 21.
a6 bxa6 22.Nxe5+ Nxe5 23.Bxe5 Kb5 24.Bc3 Rxc3 25.Kxc3 Bf6+ 26.Kc2 Bxa1 27.
Rxa1 Rd4 28.Ra5+ Kxb4 29.Rxa6 Kxc5 30.Kc3 Rf4 31.Ra5+ Kd6 32.Ra2 Rh4 33.f3
Rh3 34.Rf2 Ke5 35.Kd2 Kf4 36.Ke2 g6 0-1

[Event "Donostia op"]
[Site ""]
[Date "2015.03.30"]
[Round "4"]
[White "BORSOS, Bogdan"]
[Black "PEREZ CAMESELLE, Francisco"]
[Result "1/2-1/2"]
[WhiteElo "2202"]
[BlackElo "1862"]

1.d4 e6 2.c4 Nf6 3.g3 Bb4+ 4.Nd2 O-O 5.Bg2 d5 6.Nf3 b6 7.O-O Bb7 8.Ne5 
Nbd7 9.Nxd7 Qxd7 10.Nf3 Be7 11.Ne5 Qc8 12.Bg5 h6 13.Bxf6 Bxf6 14.Ng4 Be7 
15.Rc1 dxc4 16.Bxb7 Qxb7 17.Rxc4 c5 18.dxc5 Bxc5 19.b4 Be7 20.b5 a6 21.a4 
axb5 22.axb5 Rfd8 23.Rd4 Rxd4 24.Qxd4 Rd8 25.Qc4 Bc5 26.Ne5 Qd5 27.Qf4 f6 
28.Nc6 Ra8 29.Qc7 Ra2 30.e3 Kh7 31.Qd8 Qxd8 32.Nxd8 Rb2 33.Nxe6 Rxb5 34.
Rd1 g5 35.Rd7+ Kg6 36.g4 f5 37.Nxc5 bxc5 38.Rd6+ Kg7 39.gxf5 c4 40.Rg6+ 
Kf7 41.Rxh6 Rc5 42.Ra6 c3 43.Ra1 Kf6 44.Kf1 Kxf5 45.f3 g4 46.fxg4+ Kxg4 
47.Ke2 c2 48.Rc1 Rh5 49.Kd3 Rxh2 50.Ke4 Kg5 51.Ke5 Kg6 52.e4 Kf7 53.Kd4 
Ke6 54.Ra1 Rd2+ 55.Kc3 Rh2 56.Kd4 Rd2+ 57.Kc3 Rh2 58.Kd3 Rh3+ 59.Kd4 Rh2 
60.Kd3 Rh3+ 61.Kd4 Rh2 62.Rc1 Rd2+ 63.Ke3 Rh2 1/2-1/2

[Event "Donostia op"]
[Site ""]
[Date "2015.04.03"]
[Round "8"]
[White "EPISHIN, Vladimir"]
[Black "CHABANON, Jean-Luc"]
[Result "1/2-1/2"]
[WhiteElo "2563"]
[BlackElo "2491"]

1.d4 d5 2.Nf3 Nf6 3.c4 e6 4.Bg5 h6 5.Bxf6 Qxf6 6.Nbd2 Nd7 7.Rc1 c6 8.g3 
Bd6 9.Bg2 O-O 10.O-O b6 11.e4 Qd8 12.Qb3 Bb7 13.exd5 exd5 14.Nh4 Nf6 15.
Nf5 Re8 16.Nxd6 Qxd6 17.Rfd1 Re7 18.Nf1 Rae8 19.Ne3 g6 20.cxd5 cxd5 21.Qa3
Qb8 22.Re1 h5 23.Qb4 h4 24.Nf1 Rxe1 25.Rxe1 Rxe1 26.Qxe1 hxg3 27.hxg3 Qd6 
28.Ne3 Kg7 29.Qc3 Bc6 30.Qb3 Qe7 31.a3 Qd6 32.Qc3 Bd7 33.Qe1 Be6 34.Nd1 
Qd8 35.Nc3 Kg8 36.Bf3 Bg4 37.Bg2 Be6 38.Qe2 Qc7 39.Qe3 Qd8 40.Qg5 Kg7 41.
Qe5 Kf8 42.Bf3 a5 43.Kg2 Kg8 44.Ne2 Bg4 45.Nf4 Bxf3+ 46.Kxf3 Kf8 47.g4 Kg8
48.a4 Kh7 49.b3 Kg8 50.g5 Ne4 51.Qxd5 Nxg5+ 52.Ke3 Qe7+ 53.Qe5 Ne6 54.Nxe6
fxe6 55.Kd3 Qf7 56.f4 Kh7 57.b4 axb4 58.Kc4 Qd7 59.Kxb4 Qc6 60.Qf6 Qd6+ 
61.Kb5 Qd7+ 62.Kxb6 Qd6+ 63.Kb5 Qd5+ 64.Kb4 Qb7+ 65.Kc3 Qf3+ 66.Kb4 Qb7+ 
1/2-1/2

[Event "Donostia op"]
[Site ""]
[Date "2015.04.03"]
[Round "8"]
[White "HERNANDEZ, Elvis"]
[Black "VAZQUEZ IGARZA, Renier"]
[Result "1/2-1/2"]
[WhiteElo "2308"]
[BlackElo "2596"]

1.e4 e5 2.Nf3 Nf6 3.Nxe5 d6 4.Nf3 Nxe4 5.Qe2 Qe7 6.d3 Nf6 7.Qxe7+ Bxe7 8.
Nc3 Na6 9.a3 c6 10.h3 Nc7 11.Be2 Bd7 12.Bd2 Ne6 13.Ng5 Nd4 14.Bd1 O-O 15.
O-O Rfe8 16.Re1 d5 17.Nf3 Bc5 18.Rxe8+ Rxe8 19.Nxd4 Bxd4 20.Bf3 h6 21.Re1 
Be5 22.Kf1 Kf8 23.Rb1 Ke7 24.Ne2 b6 25.Bf4 Kd6 26.Re1 c5 27.Bxe5+ Rxe5 28.
Ng3 g6 29.Rxe5 Kxe5 30.Ke1 d4 31.Bb7 Be6 32.Ne2 g5 33.Ng1 Kd6 34.Ne2 Ke5 
35.Ng1 Nd5 36.Nf3+ Kd6 37.Bxd5 Bxd5 38.Ke2 Ke6 39.a4 Kf5 40.b3 f6 41.g3 h5
42.Ng1 Ke5 43.f3 h4 44.Kf2 hxg3+ 45.Kxg3 Kf5 46.Ne2 Bc6 47.Nc1 Kg6 48.Ne2 
Kf5 49.Nc1 Be8 50.Ne2 Ke5 51.h4 1/2-1/2

[Event "Donostia op"]
[Site ""]
[Date "2015.04.03"]
[Round "8"]
[White "LIBISZEWSKI, Fabien"]
[Black "ANDRES GONZALEZ, Ivan"]
[Result "1/2-1/2"]
[WhiteElo "2514"]
[BlackElo "2360"]

1.e4 c5 2.Nf3 d6 3.d4 cxd4 4.Nxd4 Nf6 5.Nc3 e5 6.Bb5+ Bd7 7.Bxd7+ Qxd7 8.
Nf5 Nxe4 9.Nxg7+ Bxg7 10.Nxe4 d5 11.Bh6 O-O 12.Bxg7 Kxg7 13.Ng3 Nc6 14.f4 
f6 15.O-O Kh8 16.Qh5 e4 17.c4 f5 18.cxd5 Qxd5 19.Rad1 Qe6 20.Qg5 Rf7 
1/2-1/2

[Event "Donostia op"]
[Site ""]
[Date "2015.04.03"]
[Round "8"]
[White "ORATOVSKY, Michael"]
[Black "PAP, Misa"]
[Result "1/2-1/2"]
[WhiteElo "2486"]
[BlackElo "2459"]

1.e4 c5 2.Nf3 Nc6 3.Bb5 g6 4.Bxc6 dxc6 5.d3 Bg7 6.h3 e5 7.a3 Qe7 8.O-O Nf6
9.b4 O-O 10.bxc5 Qxc5 11.a4 Re8 12.Nbd2 Be6 13.Ng5 Qd4 14.Ba3 Qd7 15.a5 
1/2-1/2

[Event "Donostia op"]
[Site ""]
[Date "2015.04.03"]
[Round "8"]
[White "CRUZ LLEDO, Pablo"]
[Black "TRATAR, Marko"]
[Result "0-1"]
[WhiteElo "2284"]
[BlackElo "2475"]

1.d4 Nf6 2.c4 e6 3.Nc3 Bb4 4.Qc2 d6 5.Bd2 O-O 6.a3 Bxc3 7.Bxc3 Qe7 8.e4 e5
9.d5 Nh5 10.Be2 Nf4 11.Bf3 Qg5 12.g3 Nh3 13.Bg2 Nxg1 14.Rxg1 f5 15.f4 exf4
16.Bd2 Qh5 17.Bxf4 fxe4 18.Bxe4 Nd7 19.Qe2 Nf6 20.Bf3 Bg4 21.Bxg4 Nxg4 22.
O-O-O Rae8 23.Qf3 Qh3 24.Qg2 Qxh2 25.Qxh2 Nxh2 26.c5 Nf3 27.Rg2 Ne5 28.
cxd6 cxd6 29.Rc2 Rc8 30.Bxe5 dxe5 31.Re1 Rxc2+ 32.Kxc2 Re8 33.Kd3 Kf7 34.
Rc1 e4+ 35.Ke3 Re7 36.d6 Rd7 37.Kxe4 Ke6 38.Rh1 h6 39.Rc1 Rxd6 40.Rc7 Rd7 
41.Rc3 Kf6 42.Kf4 h5 43.b4 a6 44.Kf3 g6 45.Rb3 Ke5 46.Ke3 Rd5 47.Rc3 Kd6 
48.Rc8 a5 49.Ke4 Rg5 50.Kf3 axb4 51.axb4 b5 52.Rb8 Kc7 53.Rf8 Kc6 54.Rc8+ 
Kd6 55.Rb8 Rf5+ 56.Ke4 Ke7 57.Rb6 Kf7 58.Rc6 Rg5 59.Kf3 Rg4 60.Rc7+ Kf6 
61.Rc6+ Kg7 62.Kg2 Rxb4 63.Kh3 Rg4 64.Rb6 b4 65.Kg2 Kf7 66.Kf3 Ke7 67.Kf2 
Kd7 68.Kf3 Kc7 69.Rb5 Kc6 70.Rb8 Kc5 0-1

[Event "Donostia op"]
[Site ""]
[Date "2015.04.03"]
[Round "8"]
[White "GALEGO, Luis"]
[Black "SANCHEZ BOTELLA, Luis Javier"]
[Result "1/2-1/2"]
[WhiteElo "2461"]
[BlackElo "2259"]

1.c4 Nf6 2.Nf3 e6 3.g3 d5 4.Bg2 Be7 5.O-O O-O 6.b3 c6 7.Bb2 Nbd7 8.d3 b6 
9.Nbd2 Bb7 10.Qc2 c5 11.cxd5 Nxd5 12.a3 Rc8 13.e4 N5f6 14.Nc4 Nb8 15.Nfe5 
Nfd7 16.f4 Nxe5 17.Nxe5 Bf6 18.Rad1 Nc6 19.Nxc6 Bxc6 20.e5 Bxg2 21.Qxg2 
Be7 22.Qe4 Qd7 23.a4 Rfd8 24.g4 Qd5 25.Qxd5 Rxd5 26.Kf2 Rcd8 27.Ke2 f6 28.
Rf3 fxe5 29.fxe5 Rf8 30.Rxf8+ Kxf8 31.Bc3 Bg5 32.Kf3 Rd7 33.b4 Rf7+ 34.Kg3
Bf4+ 35.Kg2 Be3 36.bxc5 Rf2+ 37.Kg3 Bxc5 38.d4 Rc2 39.Be1 Be7 40.a5 Ke8 
41.axb6 axb6 42.Rb1 Bd8 43.h4 Rc4 44.Bf2 Kd7 45.Kf3 Kc6 46.Ke4 Rc2 47.Be1 
b5 48.Kd3 Rh2 49.Rc1+ Kd7 50.g5 Be7 51.Ra1 Rh3+ 52.Ke4 Ba3 53.d5 exd5+ 54.
Kxd5 Re3 55.e6+ Rxe6 56.Rxa3 Rxe1 57.Ra7+ Ke8 58.Rxg7 Re7 59.Rg8+ Kf7 60.
Rb8 h6 1/2-1/2

[Event "Donostia op"]
[Site ""]
[Date "2015.04.03"]
[Round "8"]
[White "ARGANDONA RIVEIRO, Inigo"]
[Black "AL-HAJIRI, Bader"]
[Result "0-1"]
[WhiteElo "2412"]
[BlackElo "2115"]

1.Nf3 d5 2.c4 c6 3.e3 Nf6 4.d4 e6 5.b3 c5 6.cxd5 Nxd5 7.a3 cxd4 8.Nxd4 
Qa5+ 9.Nd2 Be7 10.Bb2 O-O 11.Qh5 Nd7 12.e4 N7f6 13.Qf3 e5 14.b4 Qd8 15.
N4b3 Nb6 16.Bxe5 Re8 17.Bb5 Nfd7 18.Bd4 a6 19.Bxd7 Bxd7 20.O-O Bc6 21.Qe3 
Nd7 22.Na5 Bb5 23.Rfc1 b6 24.Nc6 Bxc6 25.Rxc6 Bf6 26.Nf3 Qe7 27.Re1 Bxd4 
28.Nxd4 Ne5 29.Nf5 Qf8 30.Rc7 b5 31.Qg5 Re6 32.f4 Ng6 33.h4 h6 34.Qg3 h5 
35.Qg5 Qb8 36.Rec1 Qb6+ 37.R1c5 Rxe4 38.Rc6 Qd8 39.Rxg6 fxg6 40.Qxg6 Re1+ 
41.Kh2 Qf6 42.Qg3 Qa1 43.Qb3+ Kh8 44.Ng3 g6 45.Rc7 Qf6 46.Kh3 Qxf4 47.Qc3+
Qe5 48.Rc8+ Rxc8 49.Qxc8+ Kh7 50.Qd7+ Kh6 51.Qd2+ Qe3 52.Qd8 0-1

[Event "Donostia op"]
[Site ""]
[Date "2015.04.03"]
[Round "8"]
[White "PROSVIRIAKOV, Vladimir"]
[Black "TORRES GANUZA, Francisco Javier"]
[Result "1-0"]
[WhiteElo "2227"]
[BlackElo "2147"]

1.d4 Nf6 2.Nf3 d5 3.c4 dxc4 4.e3 c5 5.Bxc4 cxd4 6.O-O e6 7.exd4 Be7 8.Nc3 
O-O 9.Re1 Nbd7 10.Bb3 Nb6 11.Qd3 Nbd5 12.a3 Re8 13.Bc2 g6 14.Ne5 Bd7 15.
Bg5 Rc8 16.Qh3 Nxc3 17.bxc3 Nh5 18.Qf3 Rf8 19.Bxe7 Qxe7 20.Qxb7 Rfd8 21.
Qxa7 Rxc3 22.Ba4 Qd6 23.Bxd7 Rc7 24.Qa5 Rcxd7 25.Nxd7 Rxd7 26.Qe5 Qb6 27.
Rab1 Qd8 1-0

[Event "Donostia op"]
[Site ""]
[Date "2015.04.03"]
[Round "8"]
[White "PRIETO ARANGUREN, Alain"]
[Black "LLANO OLABARRIETA, Joseba"]
[Result "1-0"]
[WhiteElo "2216"]
[BlackElo "1958"]

1.d4 Nf6 2.Bg5 e6 3.e4 h6 4.Bxf6 Qxf6 5.Nc3 g6 6.Qd2 Bg7 7.e5 Qe7 8.f4 d6 
9.Nf3 Nd7 10.Bd3 b6 11.Nb5 Nb8 12.Qc3 Kd8 13.O-O-O a6 14.exd6 cxd6 15.Qa3 
d5 16.Qxe7+ Kxe7 17.Nc3 Nc6 18.Rhe1 Rd8 19.Ne5 Bb7 20.Na4 Rd6 21.c3 Nb8 
22.g4 Nd7 23.f5 gxf5 24.Nxd7 Kxd7 25.gxf5 Rc8 26.fxe6+ fxe6 27.Rf1 Ke7 28.
Bg6 Bf6 29.b3 Bc6 30.Nxb6 Rb8 31.Na4 Bxa4 32.bxa4 Rc6 33.Kc2 Rc4 34.a5 Ra4
35.Ra1 Rc8 36.Kd2 Rxa5 37.Rfb1 Bg5+ 38.Kd3 Rf8 39.Rb7+ Kd6 40.Ke2 Bh4 41.
a4 Rf2+ 42.Ke3 Rxh2 43.Rab1 Bg5+ 44.Kf3 Bd8 45.Be8 Bc7 46.Rg1 Rh3+ 47.Ke2 
Rxc3 48.Rg7 e5 49.Rd7+ Ke6 50.Rdxc7 Rxc7 51.Rxc7 exd4 52.Kd3 Kd6 53.Rc6+ 
Ke7 54.Rc8 Kd6 55.Kxd4 h5 56.Rc3 h4 57.Rb3 Ke7 58.Re3+ Kd6 59.Re5 h3 60.
Rh5 Ke7 61.Bc6 h2 62.Rxh2 Kd6 63.Rh6+ Kc7 64.Be8 Kd8 65.Re6 Kc7 66.Re5 Kd6
67.Re2 Kc7 68.Re7+ Kd8 69.Re5 1-0

[Event "Donostia op"]
[Site ""]
[Date "2015.04.03"]
[Round "8"]
[White "BORICSEV, Oleg"]
[Black "BARBAZAN BILBAO, Xabier"]
[Result "1-0"]
[WhiteElo "2356"]
[BlackElo "2013"]

1.e4 c5 2.c3 Nf6 3.e5 Nd5 4.d4 cxd4 5.Nf3 Nc6 6.Bc4 e6 7.O-O d6 8.cxd4 Bd7
9.a3 Be7 10.Bd2 O-O 11.Nc3 Nxc3 12.Bxc3 Rc8 13.Qe2 dxe5 14.dxe5 Qb6 15.
Rfd1 Rfd8 16.Bd3 Be8 17.Rac1 Rc7 18.h4 Rcd7 19.Bc2 Rxd1+ 20.Rxd1 Rxd1+ 21.
Qxd1 Qd8 22.Qe2 g6 23.h5 a6 24.Qe4 b5 25.Qg4 Bf8 26.hxg6 hxg6 27.Ng5 Qd5 
28.Ne4 Bg7 29.Nf6+ Bxf6 30.exf6 e5 31.Be4 Qe6 32.Qg5 Qd6 33.f4 Qd1+ 34.Kh2
exf4 35.Bf3 Qd6 36.Bd5 f3+ 37.g3 Kh7 38.Qh4+ Kg8 39.Qh6 Qf8 40.Qxg6+ Kh8 
41.Qh5+ Kg8 42.Be4 1-0

[Event "Donostia op"]
[Site ""]
[Date "2015.04.03"]
[Round "8"]
[White "SEGOVIA SANCHEZ, Antonio"]
[Black "SANCHEZ SAEZ, Francisco"]
[Result "0-1"]
[WhiteElo "2072"]
[BlackElo "2281"]

1.d4 Nf6 2.Bf4 g6 3.e3 Bg7 4.Nf3 d6 5.Be2 O-O 6.O-O Nfd7 7.c4 e5 8.Bg3 Nc6
9.Nc3 f5 10.Bh4 Bf6 11.Bxf6 Nxf6 12.Qb3 e4 13.Nd2 Kg7 14.f3 exf3 15.Bxf3 
f4 16.Ne2 fxe3 17.Qxe3 Bd7 18.Qc3 Qe7 19.Nf4 Rae8 20.d5 Ne5 21.Rae1 Kg8 
22.Qa5 b6 23.Qxa7 Bf5 24.Qa3 g5 25.Nh5 Bd3 26.Rxe5 Qxe5 27.Qxd3 Nxh5 28.
Bxh5 Rxf1+ 29.Nxf1 Rf8 30.Bg4 Qxb2 31.Qe3 Qa1 32.Qe2 Qd4+ 33.Kh1 Qxg4 34.
Qe1 h6 35.h3 Qxc4 36.Qe6+ Kg7 37.Ng3 Qc1+ 38.Kh2 Qf4 39.Qe2 Qe5 40.Qd3 h5 
41.Kh1 h4 42.Ne2 Rf1+ 43.Ng1 Qa1 44.Qe3 Rxg1+ 0-1